Cultural responsivity, treatment of sexual violence /

ADDRESSING THE CULTURAL DIMENSIONS OF SEXUAL AGGRESSION TREATMENT: INCLUSIVE AND EFFECTIVE APPROACHES TO OFFENDER REHABILITATION Cultural Responsivity: Treatment of Sexual Violence explores how age, gender, identity, religion, and other socio-cultural factors shape the effectiveness of treatment for...

Full description

Bibliographic Details
Other Authors: Dickie, Ida (Editor), Beech, Anthony R. (Editor), Wareham, Sharron (Editor)
Format: eBook
Language:English
Published: Hoboken, New Jersey : John Wiley & Sons, Inc., 2026.
Subjects:
Online Access:Connect to the full text of this electronic book

MARC

Tag First Indicator Second Indicator Subfields
LEADER 00000nam a2200000 i 4500
001 in00005779507
005 20260424160648.3
006 m o d
007 cr cnu---unuuu
008 260122t20262026njua ob 001 0 eng d
035 |a wil6005422 
035 |a (NhCcYBP)wil6005422 
040 |a NhCcYBP  |b eng  |e rda  |c NhCcYBP 
020 |z 9781394161096  |q electronic publication 
020 |z 1394161093 
020 |a 1394161107  |q electronic book 
020 |a 9781394161102  |q electronic book 
020 |a 1394161085  |q electronic book 
020 |a 9781394161089  |q electronic book 
024 7 |a 10.1002/9781394161102  |2 doi 
024 8 |a CIPO000342457 
050 4 |a RC560.S47  |b C85 2026 
050 4 |a RA1148 
060 4 |a WM 610 
082 0 4 |a 616.858306  |2 23 
082 0 4 |a 364.153  |2 23 
245 0 0 |a Cultural responsivity, treatment of sexual violence /  |c edited by Ida Dickie, Anthony R. Beech, Sharron Wareham. 
264 1 |a Hoboken, New Jersey :  |b John Wiley & Sons, Inc.,  |c 2026. 
264 4 |c ©2026 
300 |a 1 online resource (240 pages) 
336 |a text  |b txt  |2 rdacontent 
337 |a computer  |b c  |2 rdamedia 
338 |a online resource  |b cr  |2 rdacarrier 
504 |a Includes bibliographical references and index. 
520 |a ADDRESSING THE CULTURAL DIMENSIONS OF SEXUAL AGGRESSION TREATMENT: INCLUSIVE AND EFFECTIVE APPROACHES TO OFFENDER REHABILITATION Cultural Responsivity: Treatment of Sexual Violence explores how age, gender, identity, religion, and other socio-cultural factors shape the effectiveness of treatment for individuals who have engaged in sexually. 
532 1 |3 Wiley  |a "We measure accessibility according to the standards set by the Web Content Accessibility Guidelines (WCAG) 2.2 A/AA, Revised Section 508 of the US Rehabilitation Act, and EN 301 549." Source: https://onlinelibrary.wiley.com/accessibility. Last accessed April 22, 2025 
588 |a Description based on online resource; title from digital title page (viewed on April 23, 2026). 
650 0 |a Sex offenders  |x Rehabilitation. 
650 0 |a Forensic psychology. 
650 0 |a Sex crimes  |x Social aspects. 
650 0 |a Social psychology. 
650 2 |a Sex Offenses. 
700 1 |a Dickie, Ida,  |e editor. 
700 1 |a Beech, Anthony R.,  |e editor.  |1 https://isni.org/isni/0000000034995588. 
700 1 |a Wareham, Sharron,  |e editor. 
776 0 8 |i Print version :  |z 9781394161003 
776 0 8 |z 139416100X 
856 4 0 |u http://proxy.library.tamu.edu/login?url=https://onlinelibrary.wiley.com/book/10.1002/9781394161102  |z Connect to the full text of this electronic book  |t 0 
955 |a Wiley EBA record 
975 |p Wiley UBCM Full Collection 
976 |a 6005422 
999 f f |i a8e9f447-fe6c-473b-b826-66e04362c4a9  |s 930ceee5-6d22-4cf5-9a9d-eeab3da4ad87  |t 0 
952 f f |a Texas A&M University  |b College Station  |c Electronic Resources  |s evans_pda  |d Available Online  |t 0  |e RC560.S47 C85 2026  |h Library of Congress classification 
998 f f |a RC560.S47 C85 2026  |t 0  |l Available Online